00503cam a22001691 4500001001300000003000400013005001700017008004100034010002200075040001800097100003900115245004700154260004200201300001600243505005700259999001700316c 98000382 DLC20260227111041.0801216s1898 nyu 000 0 eng  ac 98000382 //r92 aDLCcDLCdDLC1 aRiley, James Whitcomb,d1849-1916.04a[The works of James Whitcomb Riley.bv. 9]0 aNew York,bC. Scribner's Sons,c1898. a12⁰. cop.1 a --v. 9. The poems and prose sketches...Armazindy. c13300d13300